000 00224nam a2200097Ia 4500
008 120527s9999 xx 000 0 und d
100 _aMURPHY, P
245 _aHandbook of critical care
260 _bScience Pres
942 _cBK
999 _c25700
_d25700